| 000 | 00343nam a22001217a 4500 | ||
|---|---|---|---|
| 082 |
_a307.76 _bMAB _cD |
||
| 245 |
_aLocal institutions and an urban agenda for the 1990s. _cAkin, L. Mabogunje. |
||
| 260 |
_aCario. _bWorld Bank. _c1993. |
||
| 300 | _a20p. | ||
| 526 |
_a0 _b0 _c0 _d307_760000000000000_MAB |
||
| 650 |
_aNUST _96342 |
||
| 942 |
_2ddc _cBK |
||
| 999 |
_c542479 _d542479 |
||